Perso paladins - Statistics

General Stats
  • This quiz has been taken 31 times
    12 since last reset
  • The average score is 32 of 59
Answer Stats
Hint Answer % Correct
F Fernando
100%
A Androxus
83%
B Barik
83%
M Maeve
83%
V Viktor
83%
A Atlas
67%
B Bomb King
67%
C Corvus
67%
D Drogoz
67%
F Furia
67%
G Grover
67%
I Imani
67%
J Jenos
67%
K Khan
67%
L Lex
67%
P Pip
67%
R Raum
67%
R Ruckus
67%
S Skye
67%
T Talus
67%
T Terminus
67%
T Tiberius
67%
W Willo
67%
Y Yagorath
67%
Z Zhin
67%
A Ash
50%
A Azaan
50%
B Betty la bomba
50%
B Buck
50%
C Caspian
50%
C Cassie
50%
E Evie
50%
G Grohk
50%
I Io
50%
K Kinessa
50%
K Koga
50%
M Makoa
50%
M Mal damba
50%
N Nyx
50%
S Seris
50%
S Sha lin
50%
S Strix
50%
T Torvald
50%
T Tyra
50%
V VII
50%
V Vivian
50%
Y Ying
50%
I Inara
33%
K Kasumi
33%
L Lian
33%
L Lilith
33%
O Octavia
33%
O Omen
33%
S Saati
33%
V Vatu
33%
V Vora
33%
D Dredge
17%
M Moji
17%
R Rei
17%
No matching quizzes found
Score Distribution
Percent of People with Each Score
Percentile by Number Answered
Your Score History
You have not taken this quiz since the last reset